| 000 | 00750cam a22002413a 4500 | ||
|---|---|---|---|
| 001 | 30940 | ||
| 003 | PGUSA | ||
| 005 | 20140828083653.0 | ||
| 008 | 100112s2010||||xxu|||||s|||||000 1 eng d | ||
| 040 |
_aPGUSA _beng |
||
| 042 | _adc | ||
| 050 | 4 | _aPZ | |
| 100 | 1 |
_aMadison, Lucy Foster, _d1865-1932 |
|
| 245 | 1 | 0 |
_aPeggy Owen and Liberty _h[electronic resource] / _cLucy Foster Madison |
| 260 |
_bProject Gutenberg, _c2010 |
||
| 506 | _aPublic domain in the USA. | ||
| 516 | _aElectronic text | ||
| 653 | _aPhiladelphia (Pa.) -- History -- Revolution, 1775-1783 -- Juvenile fiction | ||
| 700 | 1 |
_aPeck, H. J. _q(Henry Jarvis), _d1880-1964 |
|
| 830 | 0 |
_aProject Gutenberg _v30940 |
|
| 856 | 4 | 0 | _uhttp://www.gutenberg.org/ebooks/30940 |
| 942 | _cEB | ||
| 999 |
_c260195 _d260195 |
||